000 00768nam a2200289Ia 4500
001 20177
005 20240114000505.0
007 ta
008 060220s1926 a g b000 u 465 u
020 _cHB
040 _aCotton College,Assam
041 _a465
082 _a821
_bC 126 P
110 _aCalcutta University .
_c(Calcutta )
245 0 _aPoetical Selections /
_cCalcutta University.
_hTextual Documents
250 _a7th ed /
260 _aCalcutta :
_bCalcutta University ,
_c1926.
300 _a394p. :
_bill ;
_c17cm .
653 _aEnglish poetry-Collections
653 _aG-English
653 _aT/G-English Literature
942 _2ddc
_cBK
999 _c20159
_d20159